Chiến tranh nhân dân Việt Nam
Chọn lựa những bài viết và bài nói của chủ tịch Hồ Chí Minh về quân sự nhân dịp kỷ niệm lần thứ 90 ngày sinh của Người
Đã lưu trong:
| 主要作者: | |
|---|---|
| 格式: | 圖書 |
| 語言: | Vietnamese |
| 出版: |
H.
Quân đội nhân dân
1980
|
| 主題: | |
| 標簽: |
添加標簽
沒有標簽, 成為第一個標記此記錄!
|
| Thư viện lưu trữ: | Mạng thư viện Đại học Đà Nẵng |
|---|
| LEADER | 01264nam a22003498a 4500 | ||
|---|---|---|---|
| 001 | 000007518 | ||
| 003 | 3680 | ||
| 005 | 20120525140528.0 | ||
| 008 | 111005s1980 b 000 0 vieod | ||
| 020 | |c 30000đ |d 10200b | ||
| 041 | 0 | |a vie | |
| 082 | |a 335.5271 |b HO-M | ||
| 084 | |a R |b CH305T | ||
| 100 | 1 | |a Hồ Chí Minh | |
| 245 | 1 | 0 | |a Chiến tranh nhân dân Việt Nam |c Hồ Chí Minh |
| 260 | |a H. |b Quân đội nhân dân |c 1980 | ||
| 300 | |a 471 tr : ảnh chân dung |c 19 cm. | ||
| 520 | |a Chọn lựa những bài viết và bài nói của chủ tịch Hồ Chí Minh về quân sự nhân dịp kỷ niệm lần thứ 90 ngày sinh của Người | ||
| 653 | |a Quân sự | ||
| 653 | |a Chiến tranh nhân dân | ||
| 653 | |a Việt Nam | ||
| 910 | |a Huỳnh Thị Cẩm Lai |d 05/10/2011 | ||
| OWN | |a LSP | ||
| AVA | |a UDN50 |b LSP |d 335.5271 HO-M |e available |t Error 5001 Not defined in file expand_doc_bib_avail. |f 4 |g 2 |h N |i 0 |k 1 | ||
| 999 | |a From the UDN01 | ||
| AVA | |a UDN50 |b LSP |d 335.5271 HO-M |e available |t Error 5001 Not defined in file expand_doc_bib_avail. |f 4 |g 2 |h N |i 0 |k 1 | ||
| TYP | |a Monograph | ||
| TYP | |a Printed language | ||
| 980 | |a Mạng thư viện Đại học Đà Nẵng | ||